Modern nutrition in health and disease: Vol.2
保存先:
| フォーマット: | 図書 |
|---|---|
| 言語: | Undetermined |
| 出版事項: |
Phildelphia
Lea and Febiger
1995
|
| 主題: | |
| タグ: |
タグ追加
タグなし, このレコードへの初めてのタグを付けませんか!
|
| Thư viện lưu trữ: | Trung tâm Học liệu Trường Đại học Cần Thơ |
|---|
| LEADER | 00488nam a2200169Ia 4500 | ||
|---|---|---|---|
| 001 | CTU_14811 | ||
| 008 | 210402s9999 xx 000 0 und d | ||
| 020 | |b 109.43df | ||
| 082 | |a 613.2 | ||
| 082 | |b M689/T2 | ||
| 245 | 0 | |a Modern nutrition in health and disease: Vol.2 | |
| 260 | |a Phildelphia | ||
| 260 | |b Lea and Febiger | ||
| 260 | |c 1995 | ||
| 650 | |a diet therapy,nutrition | ||
| 904 | |i Nguyễn Quang Điền, 970107 | ||
| 980 | |a Trung tâm Học liệu Trường Đại học Cần Thơ | ||